[Event "South Island Championships"]
[Site "Dunedin NZL"]
[Date "2012.10.10"]
[Round "1.1"]
[White "Roberts, Michael H"]
[Black "Johansen, Darryl K"]
[Result "0-1"]
[WhiteElo "1836"]
[BlackElo "2446"]
[PlyCount "48"]
[EventDate "2012.10.14"]

1. d4 Nf6 2. c4 c5 3. d5 g6 4. Nc3 d6 5. e4 Bg7 6. Nf3 O-O 7. Be2 e6 8. O-O
exd5 9. exd5 Re8 10. Bf4 Ne4 11. Nxe4 Rxe4 12. Qd2 Bg4 13. Be3 Bxf3 14. gxf3
Re8 15. Rae1 Nd7 16. f4 Qh4 17. Kh1 Nf6 18. Rg1 Ne4 19. Qc2 Nxf2+ 20. Bxf2 Qxf2
21. Rgf1 Qh4 22. Rb1 Re3 23. Bd3 Rae8 24. Qd2 Bh6 0-1

[Event "South Island Championships"]
[Site "Dunedin NZL"]
[Date "2012.10.10"]
[Round "1.2"]
[White "Lane, Gary W"]
[Black "Black, Ross"]
[Result "1-0"]
[WhiteElo "2391"]
[BlackElo "1821"]
[PlyCount "95"]
[EventDate "2012.10.14"]

1. e4 Nc6 2. Nf3 d6 3. d4 e5 4. Bb5 Bd7 5. Nc3 Nf6 6. O-O Be7 7. Re1 a6 8. Bxc6
Bxc6 9. Bg5 exd4 10. Qxd4 O-O 11. Rad1 Re8 12. Qc4 Qd7 13. h3 b5 14. Qb3 Bb7
15. a4 Bd8 16. axb5 a5 17. Qc4 h6 18. Bh4 g5 19. Bg3 Qe6 20. Qxe6 Rxe6 21. Nd4
Re8 22. e5 dxe5 23. Bxe5 Nd7 24. Bg3 Rxe1+ 25. Rxe1 Bf6 26. Rd1 Ne5 27. b3 Rd8
28. Nf5 Rxd1+ 29. Nxd1 Kh7 30. Nde3 Kg6 31. Ne7+ Bxe7 32. Bxe5 Bd6 33. Bxd6
cxd6 34. Nc4 d5 35. Nxa5 Ba8 36. b6 Kf6 37. b7 Bxb7 38. Nxb7 Ke6 39. Kf1 Kd7
40. Nc5+ Kc6 41. Nd3 f6 42. c4 dxc4 43. bxc4 h5 44. Ke2 f5 45. Ke3 h4 46. Kd4
g4 47. hxg4 fxg4 48. Ne5+ 1-0

[Event "South Island Championships"]
[Site "Dunedin NZL"]
[Date "2012.10.10"]
[Round "1.3"]
[White "Nijman, Arie J"]
[Black "Chan, Peng Kong"]
[Result "0-1"]
[WhiteElo "1820"]
[BlackElo "2245"]
[PlyCount "42"]
[EventDate "2012.10.14"]

1. e4 c5 2. c3 Nf6 3. e5 Nd5 4. Bc4 e6 5. Nf3 Nc6 6. O-O d6 7. Bxd5 exd5 8. d4
Be7 9. exd6 Qxd6 10. dxc5 Qxc5 11. Bf4 O-O 12. Qd3 Qc4 13. Qxc4 dxc4 14. Nbd2
Be6 15. Rfe1 h6 16. Ne4 Rfd8 17. Rad1 b5 18. h3 Rd5 19. Rxd5 Bxd5 20. Bd6 Bxe4
21. Bxe7 Bxf3 0-1

[Event "South Island Championships"]
[Site "Dunedin NZL"]
[Date "2012.10.10"]
[Round "1.4"]
[White "Wansink, Robert"]
[Black "Gold, Hamish R"]
[Result "1-0"]
[WhiteElo "2244"]
[BlackElo "1816"]
[PlyCount "45"]
[EventDate "2012.10.14"]

1. e4 e6 2. d4 d5 3. Nc3 dxe4 4. Nxe4 Nd7 5. Nf3 Ngf6 6. Nxf6+ Nxf6 7. Bd3 c5
8. O-O cxd4 9. Nxd4 Bc5 10. Nb3 Be7 11. Qe2 O-O 12. Rd1 Qc7 13. Bg5 Bd7 14. c3
Rad8 15. Nd4 Qa5 16. Nf5 exf5 17. Qxe7 Rfe8 18. Qb4 Qe5 19. Qd4 Qe7 20. Bxf6
gxf6 21. Qe3 Qxe3 22. fxe3 Be6 23. Kf2 1-0

[Event "South Island Championships"]
[Site "Dunedin NZL"]
[Date "2012.10.10"]
[Round "1.5"]
[White "Brockway, Andrew"]
[Black "Lukey, Stephen G"]
[Result "0-1"]
[WhiteElo "1798"]
[BlackElo "2236"]
[PlyCount "66"]
[EventDate "2012.10.14"]

1. e4 e6 2. d4 d5 3. Nd2 Nf6 4. e5 Nfd7 5. Ngf3 c5 6. c3 Nc6 7. Bd3 a5 8. O-O
a4 9. Bb5 Qa5 10. Bxc6 bxc6 11. dxc5 Nxc5 12. Nd4 Qc7 13. Re1 Nd3 14. Re3 Nxe5
15. N2f3 Nxf3+ 16. Qxf3 Be7 17. Qh5 g6 18. Qe2 O-O 19. Nf3 Bc5 20. Nd4 Ba6 21.
Qg4 e5 22. Nf5 Bc8 23. Nh6+ Kg7 24. Qg5 f6 25. Qh4 Bxe3 26. Bxe3 Qe7 27. Ng4 g5
28. Qh6+ Kh8 29. Qh5 Qf7 30. Qxf7 Rxf7 31. h3 h5 32. Nh2 Rb8 33. Rb1 Bf5 0-1

[Event "South Island Championships"]
[Site "Dunedin NZL"]
[Date "2012.10.10"]
[Round "1.6"]
[White "Smith, Robert W"]
[Black "Lyall, Simon"]
[Result "1-0"]
[WhiteElo "2214"]
[BlackElo "1777"]
[PlyCount "97"]
[EventDate "2012.10.14"]

1. e4 e5 2. Nf3 Nf6 3. Nxe5 d6 4. Nf3 Nxe4 5. Nc3 Nxc3 6. dxc3 Be7 7. Bf4 Bg4
8. h3 Bh5 9. Qd5 Bg6 10. Qxb7 Nd7 11. Qd5 O-O 12. Bd3 Nf6 13. Qc4 c5 14. Bxg6
hxg6 15. O-O Qb6 16. Rfe1 d5 17. Qb3 Rfe8 18. Qxb6 axb6 19. a3 c4 20. Rad1 Bc5
21. Be5 Ne4 22. Bd4 Rad8 23. Nh2 Nf6 24. Rxe8+ Rxe8 25. Kf1 Bxd4 26. Rxd4 Re4
27. Rxe4 Nxe4 28. Ke2 Kf8 29. Ke3 Ke7 30. Nf1 Kd6 31. f3 Nc5 32. Kd2 Ke5 33.
Ng3 b5 34. Ne2 Ne6 35. Ke3 g5 36. Nd4 Nxd4 37. cxd4+ Kf5 38. g4+ Ke6 39. Kd2
Kd6 40. Kc3 Kc6 41. Kb4 Kb6 42. b3 g6 43. a4 cxb3 44. cxb3 bxa4 45. bxa4 f6 46.
a5+ Kc6 47. a6 Kb6 48. a7 Kxa7 49. Kc5 1-0

[Event "South Island Championships"]
[Site "Dunedin NZL"]
[Date "2012.10.10"]
[Round "1.7"]
[White "Cooper, Nigel"]
[Black "Koop, Thorben"]
[Result "0-1"]
[WhiteElo "1761"]
[BlackElo "2165"]
[PlyCount "58"]
[EventDate "2012.10.14"]

1. c3 c5 2. f4 Nc6 3. Nf3 d5 4. g3 Nf6 5. Bg2 e6 6. O-O b6 7. Ne5 Bd7 8. Nxc6
Bxc6 9. c4 Qd7 10. cxd5 exd5 11. d3 d4 12. Bxc6 Qxc6 13. e4 dxe3 14. Qf3 Qxf3
15. Rxf3 O-O-O 16. Rxe3 c4 17. Kf1 Bc5 18. Rf3 Ng4 19. Kg2 Rhe8 20. Nc3 Re1 21.
dxc4 Rg1+ 22. Kh3 Nf2+ 23. Kh4 Be7+ 24. Kh5 g6+ 25. Kh6 Ng4+ 26. Kg7 Bf6+ 27.
Kxf7 Rd7+ 28. Kf8 Nh6 29. Ne4 Rd8# 0-1

[Event "South Island Championships"]
[Site "Dunedin NZL"]
[Date "2012.10.10"]
[Round "1.8"]
[White "Dowden, R. Anthony"]
[Black "Smith, Vivian J"]
[Result "1-0"]
[WhiteElo "2107"]
[BlackElo "1737"]
[PlyCount "85"]
[EventDate "2012.10.14"]

1. c4 e5 2. g3 Nc6 3. Bg2 Bc5 4. Nc3 d6 5. a3 a5 6. e3 Nge7 7. Nge2 O-O 8. O-O
Bd7 9. h3 Qc8 10. Kh2 Nd8 11. f4 Bc6 12. fxe5 Bxg2 13. Kxg2 dxe5 14. d4 exd4
15. exd4 Ba7 16. d5 Ng6 17. Bf4 Nxf4+ 18. Nxf4 Qd7 19. b4 Be3 20. Qf3 Bxf4 21.
Qxf4 c6 22. Rad1 axb4 23. axb4 Ra3 24. Rf3 b6 25. dxc6 Qxc6 26. Rxd8 Qxf3+ 27.
Qxf3 Rxd8 28. Qe3 h6 29. h4 Rb3 30. Kh3 Ra8 31. Qe4 Raa3 32. Ne2 Rxb4 33. Qe8+
Kh7 34. Qxf7 Rbb3 35. h5 Rf3 36. Qg6+ Kg8 37. Qe8+ Kh7 38. Qg6+ Kg8 39. Nd4 Rf6
40. Qe8+ Rf8 41. Qe6+ Kh7 42. Qxb6 Ra1 43. c5 1-0

[Event "South Island Championships"]
[Site "Dunedin NZL"]
[Date "2012.10.10"]
[Round "1.9"]
[White "Rains, Timothy"]
[Black "Johnson, Quentin J F"]
[Result "1/2-1/2"]
[WhiteElo "1731"]
[BlackElo "2102"]
[PlyCount "68"]
[EventDate "2012.10.14"]

1. d4 Nf6 2. c4 e6 3. Nc3 Bb4 4. Bd2 d5 5. e3 O-O 6. Nf3 c5 7. a3 Bxc3 8. Bxc3
cxd4 9. Nxd4 Nc6 10. Be2 Ne4 11. cxd5 Nxc3 12. bxc3 Qxd5 13. O-O e5 14. c4 Qc5
15. Nxc6 bxc6 16. Qc2 Be6 17. Qa4 Rfb8 18. Rab1 f5 19. Rfd1 a5 20. h3 f4 21.
exf4 Bf5 22. Rb3 Rd8 23. Rf3 Be4 24. Re3 Rd4 25. Rxd4 Qxd4 26. fxe5 Rb8 27.
Qxa5 c5 28. Qc7 Rb1+ 29. Kh2 Bf5 30. Rf3 g6 31. Bd3 Rb3 32. Bxf5 Rxf3 33. Be6+
Kf8 34. gxf3 Qxf2+ 1/2-1/2

[Event "South Island Championships"]
[Site "Dunedin NZL"]
[Date "2012.10.10"]
[Round "1.10"]
[White "Jackson, L. Ross"]
[Black "Gloistein, Bruce"]
[Result "1/2-1/2"]
[WhiteElo "1974"]
[BlackElo "1690"]
[PlyCount "136"]
[EventDate "2012.10.14"]

1. d4 d5 2. c4 e6 3. Nc3 Nf6 4. cxd5 exd5 5. Bg5 Be7 6. e3 Nbd7 7. Bd3 O-O 8.
Nge2 c6 9. Qc2 Re8 10. O-O h6 11. Bh4 Nf8 12. Rab1 Ng4 13. Bxe7 Qxe7 14. h3 Nf6
15. b4 a6 16. Ng3 Qd8 17. a4 Bd7 18. b5 axb5 19. axb5 Qc8 20. bxc6 Bxc6 21.
Rfc1 Qd8 22. Rb4 Qa5 23. Rcb1 Qc7 24. Nb5 Qd8 25. Qb2 g6 26. Ra1 Qd7 27. Na7
Qd6 28. Rb3 Rab8 29. Nb5 Qd8 30. Ra7 Re7 31. Nc3 Qe8 32. Bb5 Rc7 33. Nge2 Ne6
34. Bxc6 Qxc6 35. Rb6 Qd7 36. Nb5 Rc6 37. Rxc6 Qxc6 38. Ra3 Ne4 39. Na7 Qc7 40.
Nc3 Qd7 41. Nab5 Nd8 42. Qb3 Nf6 43. Na7 Kg7 44. Nab5 Rc8 45. Ra1 Nc6 46. Qa3
Ne8 47. Qc5 Ne7 48. Qb4 Rc4 49. Qb3 Rc8 50. Rb1 Nf6 51. Na7 Rb8 52. f3 Ne8 53.
Nab5 Nc6 54. Na4 Nd8 55. Rc1 Nc6 56. Nc5 Qd8 57. Nc3 b6 58. Nd3 Nf6 59. Nf4 Na5
60. Qb1 Rc8 61. Nfe2 Qe7 62. Qd3 Qa3 63. Rc2 Nc4 64. Ra2 Qe7 65. e4 dxe4 66.
fxe4 Qb4 67. e5 Nh5 68. Ra4 Nb2 1/2-1/2

[Event "South Island Championships"]
[Site "Dunedin NZL"]
[Date "2012.10.10"]
[Round "1.11"]
[White "Nicholls, Leighton"]
[Black "Milligan, Helen"]
[Result "0-1"]
[WhiteElo "1686"]
[BlackElo "1969"]
[PlyCount "78"]
[EventDate "2012.10.14"]

1. e4 e5 2. Nf3 Nc6 3. Bb5 a6 4. Ba4 Nf6 5. O-O Be7 6. Re1 b5 7. Bb3 d6 8. h3
O-O 9. c3 Bb7 10. d4 Re8 11. Nbd2 Bf8 12. d5 Nb8 13. Nf1 Nbd7 14. Ng3 Nc5 15.
Bc2 c6 16. dxc6 Bxc6 17. Bg5 h6 18. Bxf6 Qxf6 19. Bb3 Ne6 20. Bd5 Bxd5 21. Qxd5
Nf4 22. Qd1 Rad8 23. Kh2 g6 24. Qc2 Bg7 25. a4 d5 26. axb5 axb5 27. exd5 Rxd5
28. Red1 Qc6 29. Rxd5 Nxd5 30. Nd2 Rc8 31. Rc1 f5 32. Qb3 Kh7 33. c4 Nf4 34.
Qf3 Qxf3 35. gxf3 Nd3 36. Ra1 bxc4 37. Ra4 Nxb2 38. Rb4 c3 39. Nb3 Nd3 0-1

[Event "South Island Championships"]
[Site "Dunedin NZL"]
[Date "2012.10.10"]
[Round "1.12"]
[White "Fraemohs, Peter"]
[Black "Duffield, Terence"]
[Result "1-0"]
[WhiteElo "1967"]
[BlackElo "1668"]
[PlyCount "85"]
[EventDate "2012.10.14"]

1. d4 d6 2. c4 g6 3. Nc3 Bg7 4. e4 Nf6 5. Bd3 O-O 6. Nge2 Nbd7 7. O-O c5 8. d5
Ne5 9. a3 a6 10. b4 Bd7 11. bxc5 dxc5 12. Rb1 Rb8 13. Ng3 Nxd3 14. Qxd3 Qc7 15.
Nce2 b5 16. Bf4 bxc4 17. Bxc7 cxd3 18. Rxb8 Rxb8 19. Bxb8 dxe2 20. Nxe2 Bb5 21.
Ng3 Bxf1 22. Kxf1 Nd7 23. Bc7 Bb2 24. a4 c4 25. Ke2 Nc5 26. e5 Nxa4 27. d6 exd6
28. exd6 Be5 29. Ne4 c3 30. Kd3 f5 31. Ng5 Nc5+ 32. Kc2 Ne4 33. Nxe4 fxe4 34.
Bb8 Kf7 35. d7 Bf6 36. Bc7 Ke6 37. d8=Q Bxd8 38. Bxd8 Kf5 39. Kxc3 g5 40. Kd4
h5 41. h3 g4 42. hxg4+ hxg4 43. g3 1-0

[Event "South Island Championships"]
[Site "Dunedin NZL"]
[Date "2012.10.10"]
[Round "1.13"]
[White "Clarkson, Robert D"]
[Black "Rains, Edward"]
[Result "0-1"]
[WhiteElo "1573"]
[BlackElo "1881"]
[PlyCount "78"]
[EventDate "2012.10.14"]

1. Nf3 c5 2. g3 Nc6 3. d3 g6 4. Bg2 Bg7 5. O-O Nf6 6. c3 O-O 7. Bg5 h6 8. Bc1
d5 9. d4 cxd4 10. Nxd4 e5 11. Nb3 a5 12. a4 Bf5 13. e3 Rc8 14. N1d2 b6 15. Nf3
Qd7 16. Re1 Bg4 17. e4 Nxe4 18. Rxe4 dxe4 19. Qxd7 Bxd7 20. Nfd2 f5 21. Nf1 Be6
22. Nbd2 Rfd8 23. Ne3 f4 24. gxf4 exf4 25. Nc2 f3 26. Bf1 Bf5 27. Ne3 Ne5 28.
Ba6 Rc7 29. Ndf1 Nd3 30. Bc4+ Kh7 31. Nd2 Nf4 32. Kf1 Bh3+ 33. Ke1 Ng2+ 34. Kd1
Nxe3+ 35. fxe3 Rxc4 36. Ke1 Rxd2 37. Bxd2 Bf6 38. b3 Rxc3 39. Rd1 Bh4# 0-1

[Event "South Island Championships"]
[Site "Dunedin NZL"]
[Date "2012.10.10"]
[Round "1.14"]
[White "Dolejs, Dan"]
[Black "Stevenson, Michael"]
[Result "1-0"]
[WhiteElo "1878"]
[BlackElo "1503"]
[PlyCount "51"]
[EventDate "2012.10.14"]

1. e4 e5 2. Nf3 Nf6 3. Bc4 Nc6 4. O-O Bc5 5. c3 O-O 6. b4 Bd6 7. d3 a6 8. Bg5
Be7 9. Nbd2 d6 10. Qb3 b5 11. Bd5 Bb7 12. Be3 Qd7 13. Bxf7+ Rxf7 14. Ng5 Bd8
15. f4 Nh5 16. Nxf7 Qxf7 17. Qxf7+ Kxf7 18. fxe5+ Kg8 19. exd6 cxd6 20. Rf5 Nf6
21. Raf1 Bc8 22. R5f2 h6 23. h3 Ne5 24. d4 Nc6 25. Bf4 Ne8 26. Bxh6 1-0

[Event "South Island Championships"]
[Site "Dunedin NZL"]
[Date "2012.10.10"]
[Round "1.15"]
[White "Clayton, Ben"]
[Black "Aimers, Geoffrey"]
[Result "0-1"]
[WhiteElo "1329"]
[BlackElo "1876"]
[PlyCount "44"]
[EventDate "2012.10.14"]

1. d4 Nf6 2. c4 c5 3. Nf3 cxd4 4. Nxd4 Nc6 5. Nxc6 bxc6 6. Nc3 e6 7. Bg5 Bb4 8.
Bxf6 Qxf6 9. Rc1 O-O 10. a3 Bxc3+ 11. Rxc3 d5 12. cxd5 cxd5 13. e3 Rb8 14. Rb3
Bd7 15. Qd3 Rfc8 16. Rxb8 Rxb8 17. Be2 Qxb2 18. Qd1 Qc3+ 19. Qd2 Qa1+ 20. Bd1
Bb5 21. Qc2 Bc4 22. Kd2 Rb2 0-1

[Event "South Island Championships"]
[Site "Dunedin NZL"]
[Date "2012.10.10"]
[Round "2.1"]
[White "Johansen, Darryl K"]
[Black "Dowden, R. Anthony"]
[Result "1-0"]
[WhiteElo "2446"]
[BlackElo "2107"]
[PlyCount "63"]
[EventDate "2012.10.14"]

1. Nf3 e6 2. c4 f5 3. g3 Nf6 4. Bg2 Be7 5. d4 O-O 6. O-O Ne4 7. b3 Bf6 8. Bb2
a5 9. Nc3 b6 10. Qc2 Nxc3 11. Qxc3 Bb7 12. Rfd1 d6 13. Ne1 Bxg2 14. Nxg2 Qe8
15. Qf3 Nd7 16. Rac1 g5 17. Qc6 Rc8 18. Rc2 Qf7 19. Bc1 Qg7 20. e3 h6 21. Ne1
f4 22. exf4 Rf7 23. Qe4 Re8 24. Re2 Rfe7 25. Ng2 e5 26. dxe5 dxe5 27. fxg5 Bxg5
28. Ne3 Nf6 29. Qc2 Bxe3 30. Rxe3 Rf7 31. Re2 Nh5 32. Qe4 1-0

[Event "South Island Championships"]
[Site "Dunedin NZL"]
[Date "2012.10.10"]
[Round "2.2"]
[White "Milligan, Helen"]
[Black "Lane, Gary W"]
[Result "0-1"]
[WhiteElo "1969"]
[BlackElo "2391"]
[PlyCount "126"]
[EventDate "2012.10.14"]

1. e4 e5 2. Nf3 Nc6 3. Bb5 a6 4. Ba4 Nf6 5. O-O b5 6. Bb3 Be7 7. Re1 d6 8. c3
O-O 9. d4 Bg4 10. d5 Na5 11. Bc2 Qc8 12. h3 Bd7 13. Nbd2 c6 14. dxc6 Qxc6 15.
Nf1 Rfe8 16. Bg5 Nc4 17. Qc1 Rac8 18. Ng3 h6 19. Bxf6 Bxf6 20. a4 Be6 21. Nf5
d5 22. axb5 axb5 23. exd5 Bxd5 24. Bd1 e4 25. N3d4 Qd7 26. Bg4 Be6 27. Nxe6
fxe6 28. Ng3 Bg5 29. Qd1 Qxd1 30. Rexd1 e3 31. fxe3 Nxe3 32. Rd7 Nxg4 33. hxg4
Rc4 34. Re1 Bh4 35. Re3 Rxg4 36. Nf5 Bg5 37. Re1 Bf4 38. Nd6 Rf8 39. Rxe6 Rh4
40. g3 Bxg3 41. Re2 Bxd6 42. Rxd6 b4 43. cxb4 Rxb4 44. Rg2 Rh4 45. Rdg6 Rf7 46.
b4 Kh7 47. Rb6 Rhf4 48. b5 Rb4 49. Rb8 g5 50. Rb6 Kg7 51. Rc2 h5 52. Rcc6 g4
53. Rg6+ Kh8 54. Rb8+ Kh7 55. Rbb6 Rf5 56. Rh6+ Kg7 57. Rbg6+ Kf7 58. b6 Rb1+
59. Kg2 Rb2+ 60. Kg1 Re5 61. Rf6+ Ke7 62. Kf1 g3 63. Rfg6 Rf2+ 0-1

[Event "South Island Championships"]
[Site "Dunedin NZL"]
[Date "2012.10.10"]
[Round "2.3"]
[White "Chan, Peng Kong"]
[Black "Fraemohs, Peter"]
[Result "0-1"]
[WhiteElo "2245"]
[BlackElo "1967"]
[PlyCount "52"]
[EventDate "2012.10.14"]

1. d4 d5 2. c4 Nc6 3. Nf3 Bg4 4. cxd5 Bxf3 5. dxc6 Bxc6 6. Nc3 e6 7. Bf4 Nf6 8.
a3 Nd5 9. Bg3 Bd6 10. e3 a6 11. Qc2 Nxc3 12. Qxc3 Qf6 13. f3 O-O 14. Bd3 Rfe8
15. Kf2 e5 16. dxe5 Bxe5 17. Bxe5 Rxe5 18. Rae1 Rae8 19. e4 Qd6 20. Rc1 Bb5 21.
Rhd1 Qb6+ 22. Kf1 R5e6 23. Qxc7 Bxd3+ 24. Rxd3 Qxb2 25. Qc3 Qb5 26. Qc4 Rc6 0-1

[Event "South Island Championships"]
[Site "Dunedin NZL"]
[Date "2012.10.10"]
[Round "2.4"]
[White "Rains, Edward"]
[Black "Wansink, Robert"]
[Result "0-1"]
[WhiteElo "1881"]
[BlackElo "2244"]
[PlyCount "92"]
[EventDate "2012.10.14"]

1. e4 c6 2. d4 d5 3. exd5 cxd5 4. Bd3 Nc6 5. Nf3 Bg4 6. c3 e6 7. Bf4 Qb6 8. b3
Nf6 9. h3 Bh5 10. Nbd2 Bg6 11. Bxg6 hxg6 12. Qc2 Rc8 13. Qd3 Ba3 14. O-O O-O
15. Rab1 Be7 16. Rfc1 Rfd8 17. g4 Bd6 18. Bxd6 Rxd6 19. Ne5 Rdd8 20. f4 Rc7 21.
Kg2 Rdc8 22. Nxc6 Rxc6 23. Rc2 Qc7 24. c4 dxc4 25. Rxc4 Nd5 26. Qf3 Qxf4 27.
Qxf4 Nxf4+ 28. Kg3 Nd5 29. Kf3 b5 30. Rxc6 Rxc6 31. Ne4 Rc2 32. a4 b4 33. Ng5
Kf8 34. Ne4 Ke7 35. Nc5 Rc3+ 36. Kg2 Nf4+ 37. Kf2 Nxh3+ 38. Ke2 Nf4+ 39. Kd2
Rh3 40. Rf1 g5 41. Re1 Rh2+ 42. Kd1 Nd5 43. Kc1 Rh4 44. Re4 Nc3 45. Re3 Rxg4
46. Rd3 Rxd4 0-1

[Event "South Island Championships"]
[Site "Dunedin NZL"]
[Date "2012.10.10"]
[Round "2.5"]
[White "Lukey, Stephen G"]
[Black "Dolejs, Dan"]
[Result "1-0"]
[WhiteElo "2236"]
[BlackElo "1878"]
[PlyCount "51"]
[EventDate "2012.10.14"]

1. d4 d5 2. c4 e6 3. Nf3 Nf6 4. Nc3 c6 5. Bg5 Be7 6. e3 Nbd7 7. Rc1 O-O 8. cxd5
Nxd5 9. Bxe7 Qxe7 10. Ne4 N7f6 11. Nc5 Nd7 12. Bd3 g6 13. h4 N5f6 14. h5 Nxh5
15. Ne5 Nxe5 16. dxe5 Qg5 17. g4 Ng7 18. f4 Qd8 19. g5 Qa5+ 20. Kf2 b6 21. Ne4
Ne8 22. Rxh7 Kxh7 23. Qh1+ Kg8 24. Qh6 f5 25. Qxg6+ Ng7 26. Nf6+ 1-0

[Event "South Island Championships"]
[Site "Dunedin NZL"]
[Date "2012.10.10"]
[Round "2.6"]
[White "Aimers, Geoffrey"]
[Black "Smith, Robert W"]
[Result "0-1"]
[WhiteElo "1876"]
[BlackElo "2214"]
[PlyCount "51"]
[EventDate "2012.10.14"]

1. e4 c5 2. Nf3 e6 3. d4 cxd4 4. Nxd4 a6 5. c4 Nf6 6. Nc3 Qc7 7. Be3 Be7 8. Be2
d6 9. O-O Nbd7 10. Rc1 b6 11. f3 Bb7 12. b3 Rc8 13. Qd2 h6 14. Bd3 Ne5 15. Bb1
g5 16. f4 gxf4 17. Bxf4 Ng6 18. h3 Nxf4 19. Rxf4 e5 20. Rxf6 exd4 21. Qf4 dxc3
22. Rxf7 Bg5 23. Rxc7 Bxf4 24. Rxc8+ Bxc8 25. Rf1 Rf8 26. Bd3 0-1

[Event "South Island Championships"]
[Site "Dunedin NZL"]
[Date "2012.10.10"]
[Round "2.7"]
[White "Koop, Thorben"]
[Black "Van Rooyen, Carlssen"]
[Result "1-0"]
[WhiteElo "2165"]
[BlackElo "1180"]
[PlyCount "45"]
[EventDate "2012.10.14"]

1. e4 e5 2. Bc4 Nc6 3. Nf3 h6 4. O-O Nf6 5. Re1 Bc5 6. c3 d6 7. d4 exd4 8. cxd4
Bb4 9. Re2 Bg4 10. e5 dxe5 11. d5 Bc5 12. Qa4 Bxf3 13. gxf3 Qd6 14. dxc6 Qxc6
15. Bb5 O-O 16. Bxc6 bxc6 17. Qh4 g5 18. Bxg5 hxg5 19. Qxg5+ Kh7 20. Qxf6 Rg8+
21. Kh1 Raf8 22. Rxe5 Rg6 23. Rh5+ 1-0

[Event "South Island Championships"]
[Site "Dunedin NZL"]
[Date "2012.10.10"]
[Round "2.8"]
[White "Johnson, Quentin J F"]
[Black "Jackson, L. Ross"]
[Result "1-0"]
[WhiteElo "2102"]
[BlackElo "1974"]
[PlyCount "65"]
[EventDate "2012.10.14"]

1. d4 d5 2. c4 e6 3. Nf3 Nf6 4. g3 c6 5. Qc2 Nbd7 6. Bg2 Ne4 7. O-O f5 8. b3
Be7 9. Ba3 O-O 10. Ne5 Nxe5 11. dxe5 Bxa3 12. Nxa3 Qe7 13. Nb1 Qc7 14. Qb2 Bd7
15. e3 Be8 16. Na3 Bh5 17. Rac1 Qe7 18. b4 Rad8 19. f3 Ng5 20. h4 Nf7 21. f4 h6
22. cxd5 exd5 23. Kf2 g5 24. hxg5 hxg5 25. Rh1 Bg4 26. Nc2 Nh8 27. Rh6 Qg7 28.
Rch1 gxf4 29. Rxh8+ Qxh8 30. Rxh8+ Kxh8 31. e6+ Kg8 32. e7 fxe3+ 33. Nxe3 1-0

[Event "South Island Championships"]
[Site "Dunedin NZL"]
[Date "2012.10.10"]
[Round "2.9"]
[White "Gloistein, Bruce"]
[Black "Rains, Timothy"]
[Result "0-1"]
[WhiteElo "1690"]
[BlackElo "1731"]
[PlyCount "86"]
[EventDate "2012.10.14"]

1. e4 c5 2. Nf3 Nc6 3. c3 g6 4. Be2 Bg7 5. O-O e6 6. d4 cxd4 7. cxd4 Nge7 8. d5
Ne5 9. Nxe5 Bxe5 10. d6 Nc6 11. Kh1 O-O 12. f4 Bg7 13. Nc3 b6 14. Be3 Bb7 15.
Rf3 f5 16. Rh3 Nb4 17. a3 Na6 18. e5 Nc5 19. Bxc5 bxc5 20. Bf3 Qb6 21. Bxb7
Qxb7 22. Qe1 Qxb2 23. Rb1 Qc2 24. Ra1 Rab8 25. Rc1 Qb2 26. Rd1 Qb7 27. Qh4 h6
28. Qg3 Kh7 29. Qd3 Rfc8 30. Qg3 Qa6 31. Qg5 Re8 32. Qg3 Rb2 33. Qe3 Qb7 34.
Rg3 Rb8 35. Qe1 Qa6 36. h4 h5 37. Ne4 Re2 38. Ng5+ Kg8 39. Qc3 Qb6 40. Nxe6
dxe6 41. d7 Rd8 42. Rd6 Qxd6 43. exd6 Bxc3 0-1

[Event "South Island Championships"]
[Site "Dunedin NZL"]
[Date "2012.10.10"]
[Round "2.10"]
[White "Smith, Vivian J"]
[Black "Roberts, Michael H"]
[Result "0-1"]
[WhiteElo "1737"]
[BlackElo "1836"]
[PlyCount "82"]
[EventDate "2012.10.14"]

1. e4 e5 2. Nf3 Nc6 3. d4 exd4 4. Bc4 Bc5 5. c3 d3 6. Qxd3 Nge7 7. Bxf7+ Kxf7
8. Qc4+ d5 9. Qxc5 Re8 10. O-O b6 11. Qe3 Nf5 12. Qf4 dxe4 13. Ng5+ Kg8 14.
Nxe4 Ne5 15. Ng3 Nxg3 16. Qxg3 Ba6 17. Bh6 Ng6 18. Bg5 Qd7 19. Rc1 Re2 20. b3
Rae8 21. Na3 Qf5 22. Be3 Bb7 23. h3 R8xe3 24. fxe3 Rxg2+ 25. Qxg2 Bxg2 26. Kxg2
Nh4+ 27. Kg1 Qf3 28. Rc2 Qxe3+ 29. Rf2 Qg3+ 30. Kf1 Qxh3+ 31. Ke2 Qxc3 32. Raf1
Qb2+ 33. Kd3 Qxa3 34. Kc3 h6 35. Rf4 Ng6 36. R4f2 Qc5+ 37. Kb2 Kh7 38. Rf5 Qd4+
39. Kc1 Ne5 40. Kc2 Ng4 41. R5f4 Ne3+ 0-1

[Event "South Island Championships"]
[Site "Dunedin NZL"]
[Date "2012.10.10"]
[Round "2.11"]
[White "Black, Ross"]
[Black "Cooper, Nigel"]
[Result "0-1"]
[WhiteElo "1821"]
[BlackElo "1761"]
[PlyCount "78"]
[EventDate "2012.10.14"]

1. e4 e6 2. Nc3 d5 3. Nf3 Nf6 4. e5 Nfd7 5. d4 c5 6. Bf4 Nc6 7. Qd2 cxd4 8. Nb5
Bb4 9. Nd6+ Ke7 10. c3 dxc3 11. bxc3 Bc5 12. Bd3 f6 13. Rb1 Bxd6 14. exd6+ Kf7
15. O-O e5 16. Nxe5+ Ndxe5 17. Bc2 Qxd6 18. Bb3 Rd8 19. Qe2 Bf5 20. Rfd1 Bxb1
21. Rxd5 Qxd5 22. Bxd5+ Rxd5 23. h3 Rad8 24. Qb2 Rd1+ 25. Kh2 R8d7 26. Qb3+ Kf8
27. Be3 b6 28. Bd4 Nxd4 29. cxd4 R7xd4 30. Qa3+ Kf7 31. Qxa7+ Rd7 32. Qxb6 Bxa2
33. Qa5 R1d2 34. f4 R7d5 35. Qa7+ Rd7 36. Qe3 Ng6 37. Qf3 Bd5 38. Qh5 Rxg2+ 39.
Kh1 Rg5+ 0-1

[Event "South Island Championships"]
[Site "Dunedin NZL"]
[Date "2012.10.10"]
[Round "2.12"]
[White "Duffield, Terence"]
[Black "Nijman, Arie J"]
[Result "1/2-1/2"]
[WhiteElo "1668"]
[BlackElo "1820"]
[PlyCount "101"]
[EventDate "2012.10.14"]

1. e4 e5 2. Nf3 Nc6 3. Bc4 Be7 4. O-O Nf6 5. Nc3 d6 6. h3 Na5 7. Be2 c5 8. Nd5
Nxd5 9. exd5 a6 10. c4 O-O 11. a3 b6 12. d3 Bd7 13. Nh2 f5 14. f4 Bf6 15. Rb1
Qe8 16. b3 Nb7 17. fxe5 dxe5 18. Bf3 Nd6 19. Bb2 Rb8 20. Qc2 Qg6 21. Rbe1 e4
22. Bxf6 Rxf6 23. dxe4 fxe4 24. Bg4 Bxg4 25. Nxg4 Rxf1+ 26. Rxf1 Re8 27. Ne3
Qg5 28. Qf2 h6 29. Qf4 Qxf4 30. Rxf4 b5 31. Nf5 Nxf5 32. Rxf5 e3 33. Rf1 bxc4
34. bxc4 Re4 35. Re1 Rxc4 36. Rxe3 Rd4 37. Re6 a5 38. d6 Kf8 39. Re5 Rxd6 40.
Rxc5 a4 41. Rc4 Ra6 42. Kf2 Ke7 43. Ke3 Kd6 44. Kd4 Ra5 45. Kc3 Rg5 46. Rxa4
Rxg2 47. Rg4 Rh2 48. Rxg7 Rxh3+ 49. Kb4 Kc6 50. Rg6+ Kb7 51. Rg7+ 1/2-1/2

[Event "South Island Championships"]
[Site "Dunedin NZL"]
[Date "2012.10.10"]
[Round "2.13"]
[White "Gold, Hamish R"]
[Black "Nicholls, Leighton"]
[Result "1/2-1/2"]
[WhiteElo "1816"]
[BlackElo "1686"]
[PlyCount "110"]
[EventDate "2012.10.14"]

1. d4 d5 2. c4 c6 3. Nc3 Nf6 4. f3 e6 5. e4 Bb4 6. Bg5 h6 7. Bh4 g5 8. Bf2 dxe4
9. Qc2 exf3 10. Nxf3 Nbd7 11. O-O-O Bxc3 12. bxc3 b6 13. Bd3 Bb7 14. Rhe1 Qe7
15. Qa4 a6 16. Ne5 b5 17. Qa5 O-O 18. Bg3 Nxe5 19. Bxe5 Nd7 20. Qc7 Qa3+ 21.
Kd2 Nxe5 22. Qxe5 bxc4 23. Bc2 c5 24. dxc5 Bxg2 25. Qf6 Rfd8+ 26. Ke2 Rxd1 27.
Rxd1 Qxc5 28. Rd7 Rf8 29. Bg6 Bf3+ 30. Kxf3 Qc6+ 31. Be4 Qxd7 32. Qxh6 f5 33.
Qg6+ Qg7 34. Qxe6+ Qf7 35. Qxf7+ Rxf7 36. Bd5 Kg7 37. Bxf7 Kxf7 38. Ke3 Ke6 39.
Kd4 g4 40. Kxc4 Ke5 41. Kd3 f4 42. c4 g3 43. hxg3 fxg3 44. Ke3 g2 45. Kf2 Kd4
46. c5 Kxc5 47. Kxg2 Kc4 48. Kf3 Kc3 49. Ke2 Kb2 50. a4 Kb3 51. a5 Kb4 52. Kd2
Kxa5 53. Kc2 Kb4 54. Kb2 a5 55. Ka2 a4 1/2-1/2